| 000 | 00701nam a2200217 a 4500 | ||
|---|---|---|---|
| 005 | 20221130063533.0 | ||
| 008 | 060801s1987 mx r 000 0 spa d | ||
| 020 | _a96872095206 | ||
| 035 | _aUPN01000145917 | ||
| 049 | _aCG | ||
| 050 | 4 |
_aF1233.5 B8.3 _bF7.3 |
|
| 245 | 0 | 0 |
_aFrancisco Bulnes / _ccomp. e intr. Norma de los Ríos. |
| 260 |
_aMéxico : _bSenado de la República, LIII Legislatura, _c1987. |
||
| 300 | _a319 p. | ||
| 440 | 4 | _aLos senadores | |
| 600 | 1 | 4 |
_aBULNES, FRANCISCO, _d1847-1924 |
| 651 | 4 |
_aMéxico _xPolítica y gobierno _y1867-1910 _911886 |
|
| 651 | 4 |
_aAMERICA LATINA - _xPOLITICA Y GOBIERNO - _y1830-1948 _94619 |
|
| 700 | 1 |
_aRíos, Norma de los, _ecomp. |
|
| 905 | _aLibro | ||
| 999 |
_c118063 _d118063 |
||